[Event "Morbihan-ch 1011"]
[Site "Morbihan"]
[Date "2011.01.08"]
[Round "4.6"]
[White "Iroudayassamy, Bastien"]
[Black "Annetti, Laurent"]
[Result "0-1"]
[WhiteElo "1680"]
[BlackElo "1866"]
[PlyCount "98"]
[EventDate "2010.10.09"]
[EventType "swiss"]
[EventRounds "7"]
[EventCountry "FRA"]
[SourceTitle "EXT 2014"]
[Source "ChessBase"]
[SourceDate "2013.11.20"]
[SourceVersion "1"]
[SourceVersionDate "2013.11.20"]
[SourceQuality "1"]

1. e4 e5 2. Nf3 Nc6 3. Bc4 Nf6 4. d3 Bc5 5. Nc3 d6 6. Bg5 Na5 7. Bxf6 Qxf6 8. Nd5 Qd8 9. b4 c6 10. bxc5 Nxc4 11. dxc4 cxd5 12. 0-0 dxe4 13. Nd2 dxc5 14. Nxe4 Qd4 15. c3 Qxe4 16. Re1 Qc6 17. Rxe5+ Be6 18. Qh5 0-0 19. Rxc5 Qe4 20. Rg5 Rfd8 21. Qh6 g6 22. Rg3 Rd3 23. Rxd3 Qxd3 24. Rc1 Rd8 25. h3 Bxc4 26. Qg5 a6 27. Qe7 Qd7 28. Qxd7 Rxd7 29. a4 Bb3 30. a5 Rd1+ 31. Rxd1 Bxd1 32. f4 h5 33. Kf2 Kf8 34. Ke3 Ke7 35. Kd4 Kd6 36. h4 Be2 37. g3 Kc6 38. Ke5 Bg4 39. c4 Be6 40. Kf6 b6 41. axb6 Kxb6 42. Ke5 Kc5 43. Kf6 a5 44. f5 Bxf5 45. Kxf7 a4 46. Kf6 a3 47. Kg5 a2 48. g4 Bxg4 49. Kh6 a1Q 0-1

[Event "Morbihan-ch 1011"]
[Site "Morbihan"]
[Date "2010.12.04"]
[Round "3.14"]
[White "Audren, Jean"]
[Black "Iroudayassamy, Bastien"]
[Result "0-1"]
[WhiteElo "1490"]
[BlackElo "1650"]
[PlyCount "68"]
[EventDate "2010.10.09"]
[EventType "swiss"]
[EventRounds "7"]
[EventCountry "FRA"]
[SourceTitle "EXT 2014"]
[Source "ChessBase"]
[SourceDate "2013.11.20"]
[SourceVersion "1"]
[SourceVersionDate "2013.11.20"]
[SourceQuality "1"]

1. d4 d5 2. c4 dxc4 3. Nc3 Nc6 4. Nf3 e6 5. e4 Nf6 6. Bxc4 Bb4 7. Bg5 h6 8. Bxf6 Qxf6 9. 0-0 0-0 10. e5 Qg6 11. Nb5 Ba5 12. a3 a6 13. Nc3 f6 14. exf6 Rxf6 15. Ne5 Nxe5 16. dxe5 Rf8 17. Bd3 Qg5 18. b4 Qxe5 19. Qc2 Bb6 20. Bh7+ Kh8 21. Be4 Bd4 22. Rac1 Bxc3 23. Qe2 Rf4 24. f3 Bd7 25. Kh1 Bb5 26. Qc2 Bxf1 27. Rxf1 Raf8 28. Bxb7 Rh4 29. h3 Rd4 30. Qxc3 Rfd8 31. Re1 Qg3 32. Bxa6 Rd1 33. Rf1 R8d2 34. Rg1 Rxg1+ 0-1